What is Good about Control(-ling)
Pozitívne postoje ku kontrole a kontrolingu. Východný a západný prístup ku kontrole. Údajné zníženie intenzity kontroly. Negatívne konotácie kontrolingu a kontroly.
Salvato in:
| Autore principale: | |
|---|---|
| Altri autori: | |
| Natura: | Capitolo di libro |
| Lingua: | inglese |
| Soggetti: | |
| Tags: |
Nessun Tag, puoi essere il primo ad aggiungerne!!
|
MARC
| LEADER | 00000naa a2200000 4500 | ||
|---|---|---|---|
| 001 | 0268820 | ||
| 005 | 20240502074219.2 | ||
| 041 | 0 | |a eng | |
| 044 | |a SK | ||
| 245 | 1 | 0 | |a What is Good about Control(-ling) |
| 520 | |a Pozitívne postoje ku kontrole a kontrolingu. Východný a západný prístup ku kontrole. Údajné zníženie intenzity kontroly. Negatívne konotácie kontrolingu a kontroly. | ||
| 610 | 2 | 0 | |a kontrola |
| 610 | 2 | 0 | |a kontroling |
| 610 | 2 | 0 | |a riadenie |
| 610 | 2 | 0 | |a funkcie riadenia |
| 610 | 2 | 0 | |a manažment |
| 100 | 1 | |a Mišún, Juraj, 1978- | |
| 700 | 1 | |a Paprskárová, Paulína | |